000 01028nam2a2200253 4500
001 RU\NLR\bibl\1519169
005 20250616030017.0
010 _a978-5-358-06800-1
_bч. 3
_93000
021 _aRU
_b2010-32769
_92194
035 _a(NLR Aleph) 001510539
090 _a77665
_c77665
100 _a20100603d2010 |||y0rusy50 ca
101 0 _arus
102 _aRU
105 _aa |||||||||
200 1 _aПрактика
210 _d2010
_aБ. м.
215 _a366, [1] c.
_cил.
461 0 _1001RU\NLR\bibl\1654339
_12001#$aЛитература$vЧ. 3
_9889715
_cМосква
_d2010
_f[авт.-сост.: М.В. Черкезова и др.]
_nДрофа
_oучебник для образовательных учреждений с родным (нерусским) и русским (неродным) языком обучения : 11 класс : в 3 ч.
_tЛитература
_y978-5-358-06801-8
_vЧ. 3
801 0 _aRU
_bNLR
_c20100603
_gRCR
801 1 _aRU
_bNLR
_c20100603
942 _cBOOK
980 _aNB